|
|
|
|
| LEADER |
00000naa0a2200000 4500 |
| 001 |
637477 |
| 005 |
20250528104911.0 |
| 035 |
|
|
|a (RuTPU)RU\TPU\network\1629
|
| 035 |
|
|
|a RU\TPU\network\1525
|
| 090 |
|
|
|a 637477
|
| 100 |
|
|
|a 20140922d2006 k||y0engy50 ba
|
| 101 |
0 |
|
|a eng
|
| 102 |
|
|
|a RU
|
| 135 |
|
|
|a drcn ---uucaa
|
| 181 |
|
0 |
|a i
|
| 182 |
|
0 |
|a b
|
| 200 |
1 |
|
|a Optical and Photoelectrical Properties of Single Sapphire Crystal After Irradiation with Silicon Ions
|f A. V. Kabyshev, F. V. Konusov
|
| 203 |
|
|
|a Text
|c electronic
|
| 300 |
|
|
|a Title screen
|
| 320 |
|
|
|a [Ref.: p. 336 (13 tit.)]
|
| 337 |
|
|
|a Adobe Reader
|
| 463 |
|
|
|t 8th International Conference on Modification of materials with Particles Beams and Plasma Flows, Tomsk, September 10-15, 2006
|o Proceedings
|v [P. 333-336]
|d 2006
|
| 610 |
1 |
|
|a электронный ресурс
|
| 610 |
1 |
|
|a труды учёных ТПУ
|
| 700 |
|
1 |
|a Kabyshev
|b A. V.
|c specialist in the field of electric power engineering
|c Professor of Tomsk Polytechnic University, Doctor of physical and mathematical sciences
|f 1958-
|g Alexander Vasilievich
|3 (RuTPU)RU\TPU\pers\32572
|
| 701 |
|
1 |
|a Konusov
|b F. V.
|c physicist
|c Lead Engineer of Tomsk Polytechnic University, Candidate of physical and mathematical sciences
|f 1958-
|g Fedor Valerievich
|3 (RuTPU)RU\TPU\pers\32570
|9 16491
|
| 801 |
|
2 |
|a RU
|b 63413507
|c 20140922
|g RCR
|
| 850 |
|
|
|a 63413507
|
| 856 |
4 |
|
|u http://www.congress-2006.hcei.tsc.ru/cat/proc_2006/cmm/Paper-087.pdf
|
| 942 |
|
|
|c CF
|